00867nam a22002417a 450000500170000001000130001702000100003003500130004003700160005304000120006908200170008110000330009824500550013126000280018627000610021430000230027550000520029865000210035065000200037194200260039199900190041795201890043620170124110023.0 aA-701497 c00.00 aA-701497 bCen Lib/Ret aDPLbEN a590.744bCHA aChadwick, Douglas H.9110615 aThe fate of the elephant /cby Douglas H. Chadwick aNew DelhibVikingc1994 a210, Chiranjiv Tower, 43, Nehru PlacebNew Delhie110019 axi,492p.c20cm(Hb) aIncludes bibliographical references and index  aElephants920054 aPoaching920055 2ddccENh590.744mCHA c127295d127295 04104070aLbLd2015-06-29eCen Lib/Retg0.00l0o590.744 CHApA-701497r2015-06-29 00:00:00t1v0.00w2015-06-29yENzWritten off on approval by DLB (By Circulation); dtd 15-06-2023